| 000 | 00578nam a22001337a 4500 | ||
|---|---|---|---|
| 008 | 230605b xxu||||| |||| 00| 0 eng d | ||
| 020 | _a9966777601 | ||
| 082 |
_a330.96762 _bKIP |
||
| 245 |
_aKenya Economic Report 2010 _bEnhancing Sectoral Contribution Towards Reducing Poverty, Unemployment And Inequality In Kenya _cKenya Institute For Public Policy Research And Analysis |
||
| 260 |
_aNairobi _bKenya Institute For Public Policy Research And Analysis _c2010 |
||
| 300 | _a262 p | ||
| 710 |
_bKenya Institute For Public Policy Research And Analysis _cNairobi _d2010 |
||
| 942 |
_2ddc _cBK |
||
| 999 |
_c376 _d376 |
||